Short-term methods of treatment for young offenders: report

Guardado en:  
Detalles Bibliográficos
Autor Corporativo: Europarat (Otro)
Tipo de documento: Print Libro
Lenguaje:Inglés
Publicado: Strasbourg Council of Europe 1967
En:Año: 1967
Disponibilidad en Tübingen:Disponible en Tübingen.
IFK: S XL 7
IFK: P VII 42
UB: KB 1 A 639-10
UB: KB 1 A 111-3
Verificar disponibilidad: HBZ Gateway
Servicio de pedido Subito: Pedir ahora.

MARC

LEADER 00000cam a22000002c 4500
001 1094982687
003 DE-627
005 20220514144347.0
007 tu
008 910725s1967 xx ||||| 00| ||eng c
035 |a (DE-627)1094982687 
035 |a (DE-576)024982687 
035 |a (DE-599)BSZ024982687 
035 |a (OCoLC)72126355 
040 |a DE-627  |b ger  |c DE-627  |e rakwb 
041 |a eng 
245 0 0 |a Short-term methods of treatment for young offenders  |b report  |c European Committee on Crime Problems 
264 1 |a Strasbourg  |b Council of Europe  |c 1967 
300 |a 90 S. 
336 |a Text  |b txt  |2 rdacontent 
337 |a ohne Hilfsmittel zu benutzen  |b n  |2 rdamedia 
338 |a Band  |b nc  |2 rdacarrier 
710 2 |a Europarat  |b Ausschuss für Strafrechtsprobleme  |0 (DE-588)2034263-9  |0 (DE-627)102501386  |0 (DE-576)191854298  |4 oth 
951 |a BO 
ELC |b 1 
LOK |0 000 xxxxxcx a22 zn 4500 
LOK |0 001 2168584257 
LOK |0 003 DE-627 
LOK |0 004 1094982687 
LOK |0 005 20010823000000 
LOK |0 008 910725||||||||||||||||ger||||||| 
LOK |0 040   |a DE-21  |c DE-627  |d DE-21 
LOK |0 852   |a DE-21 
LOK |0 852 1  |c KB 1 A 111-3  |9 00 
LOK |0 935   |a krim 
LOK |0 936ln  |a k5.5.3 
LOK |0 939   |a 25-07-91  |b l01 
LOK |0 000 xxxxxcx a22 zn 4500 
LOK |0 001 2168584265 
LOK |0 003 DE-627 
LOK |0 004 1094982687 
LOK |0 005 20010823000000 
LOK |0 008 910725||||||||||||||||ger||||||| 
LOK |0 040   |a DE-21  |c DE-627  |d DE-21 
LOK |0 852   |a DE-21 
LOK |0 852 1  |c KB 1 A 639-10  |9 00 
LOK |0 935   |a krim 
LOK |0 936ln  |a k5.5.3 
LOK |0 939   |a 25-07-91  |b l02 
LOK |0 000 xxxxxcx a22 zn 4500 
LOK |0 001 2168584273 
LOK |0 003 DE-627 
LOK |0 004 1094982687 
LOK |0 005 20020607000000 
LOK |0 008 940530||||||||||||||||ger||||||| 
LOK |0 040   |a DE-21-110  |c DE-627  |d DE-21-110 
LOK |0 852   |a DE-21-110 
LOK |0 852 1  |c P VII 42  |m p  |9 00 
LOK |0 935   |a k110 
LOK |0 936ln  |a 13.3 
LOK |0 938   |k p 
LOK |0 939   |a 30-05-94  |b l01 
LOK |0 000 xxxxxcx a22 zn 4500 
LOK |0 001 2168584281 
LOK |0 003 DE-627 
LOK |0 004 1094982687 
LOK |0 005 20100709093240 
LOK |0 008 940530||||||||||||||||ger||||||| 
LOK |0 040   |a DE-21-110  |c DE-627  |d DE-21-110 
LOK |0 852   |a DE-21-110 
LOK |0 852 1  |c S XL 7  |m p  |9 00 
LOK |0 938   |k p 
LOK |0 939   |a 30-05-94  |b l02 
ORI |a SA-MARC-krimdoka001.raw 
SIG |a IFK: S XL 7 
SIG |a IFK: P VII 42 
SIG |a UB: KB 1 A 639-10 
SIG |a UB: KB 1 A 111-3